"Minecraft Files" lyrics - Statistics

General Stats
  • This quiz has been taken 84 times
  • The average score is 21 of 27
Answer Stats
Lyrics % Correct
a
97%
a
97%
Minecraft
88%
Minecraft
88%
Files!
83%
Files
83%
the
83%
the
83%
to
83%
to
83%
it's
80%
all,
78%
all
78%
Come
78%
come
78%
day!
77%
one,
75%
treehouse
72%
city
70%
From
70%
you
70%
bank,
68%
drive/make
68%
wild.
68%
ChimneySwift's
67%
will
67%
skills
65%
No matching quizzes found
Score Distribution
Percent of People with Each Score
Percentile by Number Answered
Your Score History
You have not taken this quiz